Geography by Letter on the Map of Oceania - A - Statistics

General Stats
  • This quiz has been taken 6,386 times
  • The average score is 5 of 10
Answers on the Map
Answers color-coded by a green-red scale on the quiz's map according to % correct below.
 
Answer Stats
Answer % Correct
Auckland
93%
Australia
88%
Adelaide
83%
Alice Springs
59%
Apia
58%
Australian Capital Territory
45%
American Samoa
24%
Arafura Sea
24%
Mt. Aspiring
6%
Aitutaki
3%
No matching quizzes found
Score Distribution
Percent of People with Each Score
Percentile by Number Answered
Your Score History
You have not taken this quiz